Stray kids songs by Lyrics (Hard) - Statistics

General Stats
  • This quiz has been taken 139 times
  • The average score is 7 of 15
Answer Stats
Lyrics (with translation) Song (Answer) % Correct
You ready, let's goNa NaNaNaNa NaNa NaNaNaNa My Pace
84%
Yeah make you feel my love la la la지금 너 come and taste me now (translation: ...now...) TASTE
80%
Ey, ready, ready, ready babe 오늘 아마 내게 lucky day오늘따라 더 행복해져 get cool, get cool day yeah (translation: ...Today may be my...I'm becoming happier today...) Get Cool
73%
You're pulling me deeper and deeperI try to get out, but I can't stop Case 143
70%
I won't lie, I wanna be with you every day and nightI miss the way you shine on me so bright Unfair
50%
Rolling on the street, rolling on the street해가 저물고 밤이 와도, 난 못 멈춰 (translation: ...Even when the sun sets and night comes, I can't stop... ) Burnin’ Tires
49%
Shine bright and prove them wrong'Cause we can feel our progress Blind Spot
47%
Yeah, 시간이 지나갈수록 더 화려해지는 이 순간Yeah, we gon' do it right now, do it right now, baby (Translation: ...it is getting more glamorous as time passes...) Back Door
40%
Nobody's up there, this game's easy to playI can cover the sky with my hand like I said GIANT
34%
내 두 발이 가는 대로 걸어가I feel the light, I feel the light (Translation: I walk as my feet take me...) Levanter
32%
뭘해도 난 괜찮아'Cause we are wild and free (Translation: Whatever we do, I'm okay...) Haven
29%
우리끼리끼리 뭉쳐 비리비리한니네 무리와 달리 we're immortal (translation: we stick together. We aren’t like your pathetic group...) Bounce Back
27%
I just wanna goBack, back, back, back, back, back 19
26%
When will it ever change?도대체 왜 이러는지 모르겠어 (translation: ...I don't know what's wrong with me. ) In My Head
20%
이제는 맘 편해, I like it, 이 느낌And I'll never ever let it go (let's go) (translation: ...Now I feel comfortable...this feeling...) The View
14%
No matching quizzes found
Score Distribution
Percent of People with Each Score
Percentile by Number Answered
Your Score History
You have not taken this quiz